study on land resource requiment for social economic development in ratanakiri province សិក្សារពីតម្រូវការដីធ្លីការអភិវឌ្ឍសេដ្ឋកិច្ចជនបទនៅខេត្តរតនគីរី (Record no. 18454)

000 -LEADER
fixed length control field 00673nam a22001577a 4500
003 - CONTROL NUMBER IDENTIFIER
control field LRUA
005 - DATE AND TIME OF LATEST TRANSACTION
control field 20191203151602.0
008 - FIXED-LENGTH DATA ELEMENTS--GENERAL INFORMATION
fixed length control field 191203b xxu||||| |||| 00| 0 eng d
040 ## - CATALOGING SOURCE
Transcribing agency RUA
082 ## - DEWEY DECIMAL CLASSIFICATION NUMBER
Classification number LMA LAY 2017 B652 Or.1
100 ## - MAIN ENTRY--PERSONAL NAME
9 (RLIN) 14027
Personal name LAY PISETH ឡាយ​ ពិសិដ្ឋ
245 ## - TITLE STATEMENT
Title study on land resource requiment for social economic development in ratanakiri province សិក្សារពីតម្រូវការដីធ្លីការអភិវឌ្ឍសេដ្ឋកិច្ចជនបទនៅខេត្តរតនគីរី
260 ## - PUBLICATION, DISTRIBUTION, ETC. (IMPRINT)
Place of publication, distribution, etc. RUA
Name of publisher, distributor, etc. Phbon penh
Date of publication, distribution, etc. 2017
300 ## - PHYSICAL DESCRIPTION
Extent viii;39p
Other physical details ill;
Dimensions 29cm
942 ## - ADDED ENTRY ELEMENTS (KOHA)
Source of classification or shelving scheme
Koha item type LMA
Holdings
Price effective from Date last seen Permanent Location Not for loan Date acquired Source of classification or shelving scheme Koha item type Lost status Withdrawn status Date last checked out Total Checkouts Shelving location Damaged status Barcode Current Location Full call number
2019-12-032022-06-24Library Block B 2019-12-03 LMA  2022-06-082B652 A43863Library Block BLMA LAY 2017 B652 Or.1
2019-12-032023-07-14Library Block B 2019-12-03 LMA  2023-06-191B652 A44356Library Block BLMA LAY 2017 B652 Or.2
2019-12-032019-12-03Library Block B 2019-12-03 LMA    B652 A42426Library Block BLMA LAY2017 B652 Or.3
2019-12-032020-11-10Library Block B 2019-12-03 LMA  2020-10-061B652 A43778Library Block BLMA LAY2017 B652 Or.4
2019-12-032019-12-03Library Block B 2019-12-03 LMA    B652 A44206Library Block BLMA LAY 2017 B652 Or.5
2019-12-032019-12-03Library Block B 2019-12-03 LMA    B652  Library Block BLMA LAY 2017 B652 Or.1
មជ្ឈមណ្ឌលឯការនៃសាកលវិទ្យាល័យភូមិន្ទកសិកម្មចំការដូង

Powered by Koha